APCOM 2012. Applied Physics of Condensed Matter : Proceedings of the 18th International Conference. Štrbské Pleso, Slovak Republic, June 20-22, 2012 /

Gespeichert in:
Bibliographische Detailangaben
Weitere Verfasser: Vajda, Ján, 1950- (Herausgegeben von), Jamnický, I. (Herausgegeben von)
Format: Buch
Sprache:Englisch
Veröffentlicht: Bratislava : STU v Bratislave, 2012
Ausgabe:1. vyd.
Tags: Tag hinzufügen
Keine Tags, Fügen Sie das erste Tag hinzu!

MARC

LEADER 00000nam a22000003a 4500
001 stu249839
005 20230309114122.3
008 120629s--------xo------------------eng-d
020 |a 978-80-227-3720-3 
040 |a STU  |b slo 
041 0 |a eng 
044 |a xo 
100 1 |a Vajda, Ján,  |d 1950-  |4 edt  |u E060  |9 70  |U FEI Fakulta elektrotechniky a informatiky  |T FEI Ústav jadrového a fyzikálneho inžinierstva  |X 1795  |U E060  |Y 817  |7 A000001795 
245 1 |a APCOM 2012. Applied Physics of Condensed Matter :  |b Proceedings of the 18th International Conference. Štrbské Pleso, Slovak Republic, June 20-22, 2012 /  |c Ed.: J. Vajda, I. Jamnický 
250 |a 1. vyd. 
260 |a Bratislava :  |b STU v Bratislave,  |c 2012 
300 |a 369 s  |c CD-Rom 
700 1 |a Jamnický, I.  |4 edt  |9 30 
996 |b 284EO00299  |c E*O-299  |l EE0102  |s P  |a 0  |w stu249839_0001 
996 |b 284EO00298  |c E*O-298  |l EE30  |s P  |a 0  |w stu249839_0002 
996 |b 284EO00300  |c E*O-300  |l EE0104  |s P  |a 0  |w stu249839_0003